Docklands WTC unaffected (Record no. 68318)

MARC details
000 -LEADER
fixed length control field 00819cam a2200217 4500
001 - CONTROL NUMBER
control field WB3735-01
008 - FIXED-LENGTH DATA ELEMENTS--GENERAL INFORMATION
fixed length control field 010920n2001 000 0 eng u
035 ## - SYSTEM CONTROL NUMBER
System control number (Sirsi) u114664
245 ## - TITLE STATEMENT
Title Docklands WTC unaffected
260 ## - PUBLICATION, DISTRIBUTION, ETC.
Date of publication, distribution, etc. 2001
490 ## - SERIES STATEMENT
Series statement Construction News
Volume/sequential designation (6374) 20 September 2001, 5(1)
520 ## - SUMMARY, ETC.
Summary, etc. Construction of the World Trade Centre London will be unaffected by the New York terrorist attacks according to the manager of the project. Work on the first stage of construction is expected to start this November. Lists other tall buildings in the pipeline in London.
590 ## - LOCAL NOTE (RLIN)
Local note WB
650 ## - SUBJECT ADDED ENTRY--TOPICAL TERM
Topical term or geographic name entry element WORLD TRADE CENTRE LONDON
650 ## - SUBJECT ADDED ENTRY--TOPICAL TERM
Topical term or geographic name entry element LONDON DOCKLANDS
650 ## - SUBJECT ADDED ENTRY--TOPICAL TERM
Topical term or geographic name entry element OFFICE BUILDINGS
650 ## - SUBJECT ADDED ENTRY--TOPICAL TERM
Topical term or geographic name entry element SKYSCRAPERS
650 ## - SUBJECT ADDED ENTRY--TOPICAL TERM
Topical term or geographic name entry element BUILDING STRUCTURES
690 ## - LOCAL SUBJECT ADDED ENTRY--TOPICAL TERM (OCLC, RLIN)
Topical term or geographic name as entry element BUILT ENVIRONMENT
942 ## - ADDED ENTRY ELEMENTS (KOHA)
Suppress in OPAC 0
Holdings
Withdrawn status Lost status Source of classification or shelving scheme Damaged status Not for loan Home library Current library Shelving location Date acquired Total Checkouts Full call number Barcode Date last seen Copy number Price effective from Koha item type
    Dewey Decimal Classification     London London News article 20/09/2001   WB3735-01 114664-1001 06/08/2019 1 06/08/2019 News article